Normal view
MARC view
- Educación superior
Entry Materia
001 - NÚMERO DE CONTROL DEL REGISTRO
- campo de control: 16570
003 - IDENTIFICADOR DE NUMERO DE CONTROL
- campo de control: MX-MxUPN
005 - FECHA Y HORA DE LA ÚLTIMA TRANSACCIÓN
- campo de control: 20241022121757.0
008 - DATOS DE LONGITUD FIJA
- campo de control de longitud fija: 241022n||acnnnbabn n ana |d
035 ## - NÚMERO DE CONTROL DEL SISTEMA
- Número de control del sistema: UPN10000016578
040 ## - FUENTE DE LA CATALOGACIÓN
- Lengua de catalogación: spa
- Agencia de transcripción: MX-MxUPN
- Centro catalogador de origen: MX-MxUPN
150 ## - ENCABEZAMIENTO - TEMÁTICO
- Término de materia o nombre geográfico como elemento inicial: Educación superior
- Subdivisión de forma: Estadística
- Subdivisión geográfica: México
670 ## - FUENTE EN LA QUE SE LOCALIZARON DATOS
- Cita de la fuente: Autoridades BGTQ, 22 octubre 2024 :
- Información localizada: (Educación - Estadística - México)
902 ## - CATALOGADOR
- Catalogador: MMA/210396
- Catalogador: MaríaRobles/221024
